01604nam a2200385 a 450000500170000000800400001702000150005704100080007209200170008010000230009724500560012025000720017626000480024830000110029650001130030759000380042065300230045865300340048165300580051565300550057365300230062865300290065165300220068065300180070265300240072065300340074465300510077865300360082965300670086565300740093293000090100694200120101599900150102795201760104220240412122852.0100805e1985||||mx 01 f01 s sp spa d a9682306671 aspa c128l26sFRO1 aFromm, Erich93118 aAnatomia de la destructividad humana /cErich Fromm a9a ed. bTraducción Felix Blanco; revisión de Ignacio Millán. aMéxico:bSiglo veintiuno editores;c1985. a507 p. aFromm, E. (1985). Anatomía de la destructividad humana. (9a ed.). Buenos Aires : Siglo Veintiuno editores. aDonación Dora Vera,febrero 2017 4aLos instintivistas aAmbientalistas y conductistas aInstintivismo y conductismo: diferencias y semejanzas 3aEl modo psicoanalitico de comprender la agresión 3aLa neurofisiologia 3aEl comportamiento animal 3aLa paleontologia  aAntropologia  3aLa agresion benigna 3aLa agresion maligna: premisas 3aLa agresion maligna: crueldad y destructividad 3aLa agresion maligna: necrofilia 3aLa agresion maligna: Adolfo Hitler, caso clinico de necrofilia aApéndice: La teoria Freudiana de la agresividad y la destructividad a3751 2ddccBK c2318d2318 00102ddc4070aBFMbBFMcCRd2017-02-22eDonación Dora Vera, febrero 2017.l0o128 26 FROp3751r2017-02-22tEj. 1w2017-02-22yBKzDonación Dora Vera, febrero 2017.